000 02712nam0a22003851 4500
001 v19\rc\1408587
005 20260406140935.0
035 _a(NLR Aleph) 005206655
090 _a5365432
_c5365432
100 _a20060512e18781878|||y0rusy50 ca
101 0 _arus
102 _aRU
105 _ay z |||||
200 1 _aКраткое сказание о славянах (особенно о болгарах), т. е. об их происхождении, обычаях, веровании и проч., и о притеснениях от турок
_eСост. для чтения простого народа из Летописи св. Димитрия Ростовского, из истории г-на Иловайского, Рождественского, из брош. г-на Долинского, Оброка и др. источников А. Вышгородский
205 _a2-е изд., испр. и доп.
210 _aРязань
_cтип. насл. З.П. Позняковой
_d1878
215 _a84 с.
_d21
488 0 _12001#$aЛетопись
_1700#0$33262$aДимитрий Ростовский$cТуптало, Даниил Саввич, митрополит$f1651-1709
_tЛетопись
_aДимитрий Ростовский (Туптало, Даниил Саввич, митрополит ; 1651-1709)
532 1 3 _aКраткое сказание о славянах особенно о болгарах, т. е. об их происхождении, обычаях, веровании и проч., и о притеснениях от турок
700 1 _aВышгородский
_bА.
_4220
702 1 _aРождественский
_bС.Е.
_f1834-1891
_gСергей Егорович
_4100
702 1 _9z02790
_aДолинский
_bА.И.
_gАполлон Ипполитович
_4100
702 1 _9z03790
_aПоливанова
_bЕ.Я.
_f1849-1913
_gЕкатерина Яковлевна
_4100
702 0 _4100
_8rus
_7ca
_aДимитрий Ростовский
_cТуптало, Даниил Саввич
_cмитрополит
_f1651-1709
_3RU\NLR\AUTH\773262
_9113268
702 1 _4100
_8rus
_7ca
_aИловайский
_bД. И.
_cисторик
_f1832-1920
_gДмитрий Иванович
_3RU\NLR\AUTH\7720588
_93656
790 1 _9z01702
_aТуптало
_bД.С.
_f1651-1709
_gДаниил Саввич
790 1 _9z02702
_aПисанецкий
_bА.И.
_gАполон Ипполитович
790 0 _9z03702
_aОброк
_f1849-1913
801 0 _aRU
_bNLR
_c20060512
_gpsbo
801 0 _aRU
_bRuMoRGB
_c20060512
_2psbo
801 1 _aRU
_bProSoft-M
_c20060512
_2rusmarc
801 2 _aRU
_bNLR
_c20070118
_2rusmarc
852 _aNLR
_j18.20.2.38
942 _cBOOK
980 _aNB